| 000 | 00572nam a2200241 a 4500 | ||
|---|---|---|---|
| 003 | AR-BaBNM | ||
| 005 | 20251128204814.0 | ||
| 008 | 082120s2002 ||||||||||||||000 | spa|| | ||
| 020 | _a987-95452-0-6 | ||
| 040 | _cAR-BaBNM | ||
| 100 | 1 | _aBenarós, León | |
| 245 | 0 | 0 | _aEl rostro inmarcesible |
| 260 |
_aBuenos Aires _bEdiciones Proa _c1995 |
||
| 300 |
_a78 p. _bil. |
||
| 650 | 4 | _aPOETAS | |
| 650 | 4 | _aLITERATURA ARGENTINA | |
| 650 | 4 | _aPOESIA | |
| 650 | 4 | _aVERSOS | |
| 655 | _aLITERATURA | ||
| 700 | 1 |
_aLisa, A. _eilustrador |
|
| 942 | _cBK | ||
| 998 | _cGLORIA | ||
| 999 |
_c8896 _d8896 |
||